| 000 | 00645nam a2200229 a 4500 | ||
|---|---|---|---|
| 005 | 20140310183447.0 | ||
| 008 | 081205s19uu xx 00 eng d | ||
| 020 | _a9780470282434 | ||
| 050 |
_aHG 4026 _b.C579 2008 |
||
| 100 | _aClayman, Michelle R. | ||
| 245 |
_aCorporate finance workbook / _cMichelle R. Clayman. |
||
| 260 |
_aNew Jersey : _bJohn Wiley & Sons, Inc, _c2008. |
||
| 300 |
_a119 p. : _c26 cm. |
||
| 521 | _aBSBA | ||
| 650 | _aBSBA. | ||
| 650 |
_aCorporations _xFinance. |
||
| 650 | _aFinancial statements. | ||
| 700 | _aFridson, Martin S. | ||
| 700 | _aTroughton, George H. | ||
| 942 |
_cBK _2lcc _kFOR |
||
| 999 |
_c23291 _d23291 |
||